Central Library OPAC University of Rajshahi

Donbas : (Record no. 26041)

MARC details
000 -LEADER
fixed length control field 00743cam a22002411i 4500
001 - CONTROL NUMBER
control field 26041
003 - CONTROL NUMBER IDENTIFIER
rucl marc code BD-RjUL
005 - DATE AND TIME OF LATEST TRANSACTION
control field 20211209050949.0
008 - FIXED-LENGTH DATA ELEMENTS--GENERAL INFORMATION
fixed length control field 140320s1953 xx 000 1 eng
035 ## - SYSTEM CONTROL NUMBER
System control number (BD-RjUL)26111
System control number (OCoLC)2546220
040 ## - CATALOGING SOURCE
Original cataloging agency DLC
Transcribing agency MNoW
Modifying agency DLC
Language of cataloging eng
041 1# - LANGUAGE CODE
Language code of text/sound track or separate title engrus
082 00 - DEWEY DECIMAL CLASSIFICATION NUMBER
Classification number 891.73
Author mark and year GOD 1953
100 1# - MAIN ENTRY--PERSONAL NAME
Personal name Gorbatov, Boris Leontʹevich,
Dates associated with a name 1908-1954.
9 (RLIN) 80007
245 10 - TITLE STATEMENT
Title Donbas :
Remainder of title a novel /
Statement of responsibility, etc. Boris Gorbatov ; translated from the Russian by Bernard Isaacs.
260 ## - PUBLICATION, DISTRIBUTION, ETC. (IMPRINT)
Place of publication, distribution, etc. Moscow :
Name of publisher, distributor, etc. Foreign Languages Publishing House,
Date of publication, distribution, etc. 1953.
300 ## - PHYSICAL DESCRIPTION
Pagination 466 p. (1 leaf of plates) :
Illustrations ill. ;
Size 21 cm.
650 #0 - SUBJECT ADDED ENTRY--TOPICAL TERM
Topical term or geographic name as entry element Soviet fiction.
9 (RLIN) 80008
942 ## - ADDED ENTRY ELEMENTS (KOHA)
Source of classification or shelving scheme Dewey Decimal Classification
Koha item type Books
Holdings
Lost status Source of classification or shelving scheme Damaged status Not for loan Collection code Permanent Location Current Location Shelving location Date acquired Source of acquisition Total Checkouts Full call number Date last seen Copy number Koha item type
  Dewey Decimal Classification   Added to bundle Fiction Central Library, University of Rajshahi Central Library, University of Rajshahi Reading Room 24/09/1958 U. S. S. R.   891.73 GOD 1953 20/03/2014 C-1 Books